000
00343cam a2200145ua 4500
041
_a
eng
_h
100
_a
Mullik, B.R .
245
_a
H.G Wells /
_c
B.R Mullik.
_h
Textual Documents
260
_a
New Delhi :
_b
S.Chand & Sons ,
_c
1959.
300
_a
70 ; .
504
_a
650
_a
Literature-English
942
_c
BK
999
_c
2358
_d
2358